| 000 | 02863cam a22003618i 4500 | ||
|---|---|---|---|
| 999 |
_c16649 _d16649 |
||
| 001 | 21536511 | ||
| 005 | 20220303152522.0 | ||
| 008 | 200519s2020 nju 001 0 eng | ||
| 010 | _a 2020021960 | ||
| 020 | _a9781119601883 | ||
| 020 | _z9781119601913 | ||
| 020 | _z9781119601937 | ||
| 040 |
_aDLC _beng _erda _cDLC |
||
| 042 | _apcc | ||
| 050 | 0 | 0 |
_aHF5667.12 _b.N37 2020 |
| 082 | 0 | 0 |
_aDC 658.028563 _22020 _bN163 |
| 100 | 1 |
_aNaqvi, Ali S., _d1968- _eauthor. _944407 |
|
| 245 | 1 | 0 |
_aArtificial intelligence for audit, forensic accounting, and valuation : _ba strategic perspective / _cAli S. Naqvi. |
| 250 | _aFirst edition. | ||
| 260 |
_aHoboken, New Jersey : _bJohn Wiley & Sons, Inc., _c©2020. |
||
| 263 | _a2008 | ||
| 300 |
_axiii, 306 pages : _billustrations ; _c23 cm. |
||
| 500 | _aIncludes index. | ||
| 520 | _a"With significant and disruptive automation underway, accounting and auditing professions must rediscover themselves. The automation is permanently changing how services are developed and delivered. Due to the advent of highly cost-effective automated models that greatly outperform traditional auditing and forensic accounting, customers are demanding audit and accounting firms to automate. In this unsettling world dominated by "creative destruction", only those firms and professionals will survive and thrive who know how to adapt and innovate. At the center of all innovation are two revolutionary technologies: artificial intelligence and blockchain. The rise of artificial intelligence technology provides limitless opportunities for those who know how to adapt. Firms need a comprehensive framework for intelligent automation centric modernization. This book delivers a comprehensive framework to transform legacy firms into modern accounting and audit services firms. It provides a big picture view of building firmwide capabilities using artificial intelligence and empowers professionals by explaining: How artificial intelligence is the most important competitive advantage of modern audit and accounting firms. What is artificial intelligence and how it is being used in the industry How to compete effectively in the new age of accounting and audit. How to build your firm around artificial intelligence What are the governance challenges of AI How to deliver results with artificial intelligence"-- | ||
| 650 | 0 |
_aAuditing _xData processing. _944408 |
|
| 650 | 0 |
_aForensic accounting. _938443 |
|
| 650 | 0 |
_aValuation. _944409 |
|
| 650 | 0 |
_aArtificial intelligence. _944410 |
|
| 776 | 0 | 8 |
_iOnline version: _aNaqvi, Ali S., 1968- _tArtificial intelligence for audit, forensic accounting, and valuation _bFirst edition. _dHoboken : Wiley, 2020. _z9781119601913 _w(DLC) 2020021961 |
| 906 |
_a7 _bcbc _corignew _d1 _eecip _f20 _gy-gencatlg |
||
| 942 |
_2ddc _cDC |
||